Statistics for Countries With The Highest Male Life Expectancy

Click here to take the quiz!

General Stats

  • This quiz has been taken 32 times
    (18 since last reset)
  • The average score is 38 of 50

Answer Stats

YearsCountry% Correct
79.5Denmark
100%
79.9Finland
100%
79.6Germany
100%
82.1Iceland
100%
81.2Spain
100%
82.5Switzerland
100%
80.2United Kingdom
100%
76.6United States
100%
81.1Canada
94%
80.3France
94%
81.9Italy
94%
81.9Japan
94%
83.0Liechtenstein
94%
85.1Monaco
94%
80.8Norway
94%
79.8Portugal
94%
81.7Sweden
94%
82.0Australia
88%
80.0Austria
88%
80.5Greece
88%
81.0Luxembourg
88%
81.2Netherlands
88%
79.8Belgium
82%
81.3Ireland
82%
81.4Malta
82%
81.2New Zealand
82%
79.7Qatar
82%
81.7San Marino
82%
80.4South Korea
82%
81.2Andorra
76%
77.3Czech Republic
76%
79.5Cyprus
71%
82.0Singapore
71%
79.2Slovenia
71%
76.9Bahrain
65%
81.9Israel
65%
76.9Oman
65%
77.8United Arab Emirates
65%
78.5Taiwan
59%
77.3Cuba
53%
79.4Chile
47%
78.8Costa Rica
47%
77.5Lebanon
47%
76.4Panama
47%
76.1Uruguay
47%
77.4Albania
41%
78.4Barbados
29%
76.3Iran
24%
78.5Maldives
18%
76.7Algeria
6%

Score Distribution

Percentile by Number Answered

Percent of People with Each Score

Your Score History

You have not taken this quiz since the last reset